Statistiques concernant Palmarès Jeux paralympiques (été+hiver)

Cliquez ici pour prendre le quiz!

Statistiques générales

  • Ce quiz a été pris 47 fois
  • Le résultat moyen est 17 sur 20

Statistiques - réponses

BronzeArgentOrMédaillesPays% Correct
6957807922267États-Unis
100%
3523593491060France
100%
5225595721653Allemagne
98%
2513404431033Chine
98%
211167149527Italie
98%
4023764441222Canada
95%
231231217679Espagne
93%
5255235291578Royaume-Uni
93%
129147145421Russie
93%
150139123412Japon
91%
195240224659Suède
91%
159196237592Norvège
89%
3803993801159Australie
84%
195218259662Pays-Bas
84%
134139120393Suisse
84%
152139145436Finlande
77%
214222234670Pologne
77%
239232206677Autriche
70%
178156152486Ukraine
68%
132124125380Israël
16%

Distribution des résultats

Percentile par nombre de réponses

% des personnes avec chaque résultat

Votre développement - résultats

Vous n’avez pas pris ce quiz